000 00624nam a22002177a 4500
003 UA-OsUOA
001 48550
007 ta
008 20070907b un ||||| |||| 00| 0 ukr d
090 _a82.09
_bВ64
942 _cBK
040 _aUA-OsUOA
_brus
_cUA-OsUOA
_dUA-OsUOA
245 _aВозникновение русской науки о литературе
_cОтв. ред. Николаев П. А.
300 _a463 с.
955 _a1
041 _arus
080 _a82.09
260 _aМ.
_bНаука
_c1975
650 7 _a82 Література. Літературознавство
_2UDC
999 _c334652
_d334652